<?xml version="1.0" encoding="UTF-8"?>
<marc:record xmlns:marc="http://www.loc.gov/MARC21/slim">
   <marc:leader>00000nam a2200000 a 4500</marc:leader>
   <marc:datafield ind1=" " ind2=" " tag="653">
      <marc:subfield code="a">Animationsfilm</marc:subfield>
   </marc:datafield>
   <marc:datafield ind1="0" ind2="0" tag="245">
      <marc:subfield code="a">Alles voller Monster [DVD]</marc:subfield>
   </marc:datafield>
   <marc:datafield ind1="0" ind2="0" tag="245">
      <marc:subfield code="b">von Ungeheuern und anderen Angsthasen</marc:subfield>
   </marc:datafield>
   <marc:datafield ind1=" " ind2="1" tag="264">
      <marc:subfield code="a">München</marc:subfield>
      <marc:subfield code="b">Leonine Distribution</marc:subfield>
      <marc:subfield code="c">2026</marc:subfield>
   </marc:datafield>
   <marc:datafield ind1="1" ind2=" " tag="520">
      <marc:subfield code="a">In einem Schloss hoch über einer kleinen Stadt erweckt ein verrückter Professor monströse Kreaturen zum (Fast)-LEBEN™... und vergisst sie dann prompt wieder. Wer kümmert sich also um das Schloss? Wer kümmert sich um die Monster? Stichkopf - die allererste Kreation des Professors. Stichkopf macht die ganze Arbeit - ohne Wertschätzung des Professors. Bis eines Tages der „Fahrende Jahrmarkt unnatürlicher Wunder“ des zwielichtigen Zirkusdirektors Fulbert Freakfinder in die Stadt zieht. Der braucht dringend eine neue Attraktion, um die Massen anzulocken. Bald steht er vor dem Schlosstor und verspricht Stichkopf Ruhm, Reichtum und LIEBE. (Klappentext)</marc:subfield>
   </marc:datafield>
   <marc:datafield ind1=" " ind2=" " tag="041">
      <marc:subfield code="a">ger</marc:subfield>
   </marc:datafield>
   <marc:datafield ind1="1" ind2=" " tag="521">
      <marc:subfield code="a">FSK ab 6 freigegeben</marc:subfield>
   </marc:datafield>
   <marc:datafield ind1="1" ind2=" " tag="521">
      <marc:subfield code="a">6</marc:subfield>
   </marc:datafield>
   <marc:datafield ind1=" " ind2=" " tag="338">
      <marc:subfield code="a">Videodisk</marc:subfield>
   </marc:datafield>
   <marc:datafield ind1=" " ind2=" " tag="300">
      <marc:subfield code="a">1 DVD</marc:subfield>
   </marc:datafield>
</marc:record>
